[Event "BCF-chT2 9899 (4NCL)"]
[Site "England"]
[Date "1999.03.20"]
[Round "7.7"]
[White "Phillips, David A"]
[Black "Chalk, Selena"]
[Result "1-0"]
[WhiteElo "2000"]
[BlackElo "1512"]
[PlyCount "84"]
[EventDate "1998.10.??"]
[EventType "team"]
[EventRounds "11"]
[EventCountry "ENG"]
[SourceTitle "EXT 2000"]
[Source "ChessBase"]
[SourceDate "1999.11.16"]
[SourceVersion "1"]
[SourceVersionDate "1999.11.16"]
[SourceQuality "1"]
[WhiteTeam "BCCA"]
[BlackTeam "Kings Head"]
[WhiteTeamCountry "ENG"]
[BlackTeamCountry "ENG"]

1. e4 e5 2. Nf3 d6 3. d4 exd4 4. Qxd4 Nf6 5. Bg5 Be7 6. Nc3 c6 7. Be2 Nbd7 8. 0-0 Nc5 9. Be3 0-0 10. Rad1 Qc7 11. Bf4 Ne6 12. Bxd6 Nxd4 13. Bxc7 Nxe2+ 14. Nxe2 Nxe4 15. Rfe1 Bc5 16. Ned4 Nf6 17. h3 Nd5 18. Bg3 Bd7 19. Ne5 Bc8 20. Nb3 Bb6 21. c4 Nf6 22. c5 Bd8 23. Nc4 Be6 24. Nca5 Bxb3 25. Nxb3 Nd5 26. Bd6 Bf6 27. Bxf8 Kxf8 28. Re2 Be7 29. g3 Rc8 30. Rc2 Nb4 31. Rc4 Na6 32. Rd7 b5 33. cxb6 axb6 34. Ra7 b5 35. Re4 Nc7 36. Nd4 Bc5 37. Rb7 Nd5 38. Nb3 Bd6 39. Re2 Nb4 40. a3 Nd5 41. Rc2 Be5 42. Rxb5 Ne7 1-0

[Event "BCF-chT2 9798 (4NCL)"]
[Site "England"]
[Date "1998.03.21"]
[Round "7.8"]
[White "Chalk, Selena"]
[Black "Powell, Annie"]
[Result "1-0"]
[WhiteElo "1584"]
[BlackElo "1490"]
[PlyCount "141"]
[EventDate "1997.11.??"]
[EventType "team"]
[EventRounds "11"]
[EventCountry "ENG"]
[SourceTitle "EXT 1999"]
[Source "ChessBase"]
[SourceDate "1998.11.16"]
[SourceVersion "1"]
[SourceVersionDate "1998.11.16"]
[SourceQuality "1"]
[WhiteTeam "Kings Head"]
[BlackTeam "Gwent Dragons"]
[WhiteTeamCountry "ENG"]
[BlackTeamCountry "ENG"]

1. d4 d5 2. Bg5 Nd7 3. Nf3 Ngf6 4. Nbd2 e6 5. e3 c5 6. c3 Be7 7. Bd3 0-0 8. 0-0 Qb6 9. Qc2 h6 10. Bh4 Nb8 11. Ne5 Nc6 12. Ndf3 Nd7 13. Bg3 Rd8 14. Bh7+ Kf8 15. Ng4 Nf6 16. Nge5 Bd7 17. Bf4 Be8 18. g4 Nxe5 19. Nxe5 Nd7 20. Nf3 Rdc8 21. Kh1 Qd8 22. Rg1 g5 23. Bg3 Nf6 24. Ne5 Kg7 25. Bd3 c4 26. Be2 Ne4 27. Rg2 f6 28. Nf3 Bg6 29. Qd1 Qb6 30. Qc1 Qc6 31. Ng1 b5 32. a3 a5 33. f3 Nd6 34. Bd1 Nf7 35. h4 Nh8 36. h5 Be8 37. Bc2 b4 38. e4 Ra6 39. exd5 exd5 40. Qe3 Qe6 41. Qxe6 Rxe6 42. Bf5 Rec6 43. Bxc8 Rxc8 44. Re2 Bf8 45. Re6 bxc3 46. bxc3 a4 47. Bd6 Kf7 48. Rae1 Rc6 49. Rxf6+ Kxf6 50. Bxf8 Kf7 51. Bb4 Re6 52. Rxe6 Kxe6 53. Ne2 Bc6 54. Ng3 Kf7 55. Nf5 Bd7 56. Ne3 Be6 57. Kg2 Kg7 58. Kg3 Nf7 59. f4 gxf4+ 60. Kxf4 Ng5 61. Nf5+ Bxf5 62. Kxf5 Ne4 63. Ke5 Nf6 64. Bd6 Kf7 65. Kf5 Ne4 66. Bb4 Kg7 67. Ba5 Kf7 68. Ke5 Nf6 69. Bc7 Nxg4+ 70. Kxd5 Ne3+ 71. Kc5 1-0